00762nam a22002177a 4500003000500000005001700005008004100022010001000063011001000073035001000083040000900093082002400102110007400126245008600200260004400286300001900330490007600349650003100425650001600456830007200472CHAP20220329140005.0971013s1967 r 00010 d a45158 a46130 a50270 cCHAP a538.79725bU55 1966 aUniversidad Nacional Autónoma de México. Instituto de Geofísica aObservatorio magnético de Teoloyucanb: valores magnéticos para el año 1966 aMéxico, D.F. :bLa Universidad,c1967 a97 p.b: ilus. aApéndice II de los Anales del Instituto de Geofísica, vol. 12, 196714aDeclinación magnética.14aMagnetismo.0 aApendice II de los Anales del Instituto de Geofisica, vol. 12, 1967